Statistics for 10 Biggest Cities in Uganda

Click here to take the quiz!

General Stats

  • This quiz has been taken 35 times
  • The average score is 3 of 10

Answer Stats

Population City % Correct
1 355 000Kampala
100%
95 000Jinja
48%
145 000Gulu
35%
100 000Mbarara
30%
120 000Lira
26%
65 000Kasese
26%
75 000Mbale
17%
65 000Masaka
17%
70 000Mukono
13%
80 000Bwizibwera
4%

Score Distribution

Percentile by Number Answered

Percent of People with Each Score

Your Score History

You have not taken this quiz